| 000 | 00626nam a22001457a 4500 | ||
|---|---|---|---|
| 020 | _a978-0-141-32950-5 | ||
| 082 |
_a823 _bRIO/P |
||
| 100 | _aRIORDAN, RICK | ||
| 245 | _aPERCY JACKSON THE DEMIGOD FILES | ||
| 260 |
_aUNITED KINGDOM _bPUFFIN BOOKS _c17/06/2010 |
||
| 300 | _a171 | ||
| 520 | _aPersephone has called by tricking all three children of The Big Three (Percy, Thalia and Nico) into coming into the Underworld to retrieve Hades' new sword from a demigod spy who stole it. The problem is that one of Hades' Keys is in it, which lets anyone out or into the Underworld. | ||
| 650 |
_aNOVEL _zUNITED KINGDOM |
||
| 942 | _cBK | ||
| 999 |
_c3860 _d3860 |
||